| 000 | 00590cam a22002053a 4500 | ||
|---|---|---|---|
| 001 | 42864 | ||
| 003 | PGUSA | ||
| 005 | 20140828083955.0 | ||
| 008 | 130603s2013||||xxu|||||s|||||000 | eng d | ||
| 040 |
_aPGUSA _beng |
||
| 042 | _adc | ||
| 100 | 1 |
_aFraser, Chelsea Curtis, _d1876- |
|
| 245 | 1 | 4 |
_aThe Story of John Paul Jones _h[electronic resource] / _cChelsea Curtis Fraser |
| 260 |
_bProject Gutenberg, _c2013 |
||
| 506 | _aPublic domain in the USA. | ||
| 516 | _aElectronic text | ||
| 830 | 0 |
_aProject Gutenberg _v42864 |
|
| 856 | 4 | 0 | _uhttp://www.gutenberg.org/ebooks/42864 |
| 942 | _cEB | ||
| 999 |
_c272116 _d272116 |
||